McDonald and Avery's Dentistry for the Child and Adolescent (Record no. 20901)

MARC details
000 -LEADER
fixed length control field 00409nam a22001577a 4500
003 - CONTROL NUMBER IDENTIFIER
control field SGT
020 ## - INTERNATIONAL STANDARD BOOK NUMBER
International Standard Book Number 9788131254080
082 ## - DEWEY DECIMAL CLASSIFICATION NUMBER
Classification number 617.632
Item number M19D
100 ## - MAIN ENTRY--PERSONAL NAME
Personal name Dean Jeffrey, Shanthala
245 ## - TITLE STATEMENT
Title McDonald and Avery's Dentistry for the Child and Adolescent
250 ## - EDITION STATEMENT
Edition statement Second South Asia
260 ## - PUBLICATION, DISTRIBUTION, ETC. (IMPRINT)
Place of publication, distribution, etc NEW DELHI
Name of publisher, distributor, etc Elsevier India
Year of Publication 2019
300 ## - PAGE DESCRIPTION
No. of Pages 1-422
650 ## - SUBJECT ADDED ENTRY--TOPICAL TERM
Topical term or geographic name as entry element PEDODONTICS
942 ## - ADDED ENTRY ELEMENTS (KOHA)
Source of classification or shelving scheme Dewey Decimal Classification
Koha item type Books
942 ## - ADDED ENTRY ELEMENTS (KOHA)
-- 26
Holdings
Withdrawn status Lost status Source of classification or shelving scheme Damaged status Not for loan Home library Current library Shelving location Date acquired Vendor Name Cost, normal purchase price SGTU Bill Number Total Checkouts Full call number Accession No. (Barcode) Date last seen Date last borrowed Bill Date Koha item type
    Dewey Decimal Classification     SGT Dental Library SGT Dental Library Text Book 05/03/2021 AHUJA BOOK COMPANY 1075.00 SGTU 12616 9 617.632 M19D FD8273 19/08/2025 19/08/2025 27/01/2021 Books
    Dewey Decimal Classification     SGT Dental Library SGT Dental Library Text Book 05/03/2021 AHUJA BOOK COMPANY 1075.00 SGTU 12616 19 617.632 M19D FD8274 08/01/2025 08/01/2025 27/01/2021 Books